| 000 | 01302cam a22003254i 4500 | ||
|---|---|---|---|
| 001 | 17786266 | ||
| 003 | OSt | ||
| 005 | 20161207020005.0 | ||
| 008 | 130620t20122012cc a 001 0 eng | ||
| 010 | _a 2013409765 | ||
| 020 | _a9781449319274 (paperback) | ||
| 040 |
_aDLC _beng _cDLC _erda _dDLC |
||
| 042 | _apcc | ||
| 050 | 0 | 0 |
_aTK5105.888 _b.N489 2012 |
| 082 | 0 | 0 |
_a006.7 _223 |
| 100 | 1 |
_aNiederst Robbins, Jennifer. _928352 |
|
| 245 | 1 | 0 |
_aLearning Web design : _ba beginner's guide to HTML, CSS, JavaScript, and web graphics / _cJennifer Niederst Robbins. |
| 250 | _aFourth edition. | ||
| 300 |
_axv, 603 pages : _bcolor illustrations ; _c25 cm |
||
| 500 | _aIncludes index. | ||
| 650 | 0 |
_aWeb sites _xDesign _vHandbooks, manuals, etc. _928353 |
|
| 650 | 0 |
_aWeb sites _xAuthoring programs _vHandbooks, manuals, etc. _928354 |
|
| 650 | 0 |
_aHTML (Document markup language) _vHandbooks, manuals, etc. _928355 |
|
| 650 | 0 |
_aCascading style sheets _vHandbooks, manuals, etc. _928356 |
|
| 650 | 0 |
_aJavaScript (Computer program language) _vHandbooks, manuals, etc. _928357 |
|
| 650 | 0 |
_aComputer graphics _vHandbooks, manuals, etc. _928358 |
|
| 906 |
_a7 _bcbc _corignew _d2 _encip _f20 _gy-gencatlg |
||
| 942 |
_2lcc _cBK _05 |
||
| 999 |
_c59407 _d59381 |
||